| 000 | 00355nam a22001217a 4500 | ||
|---|---|---|---|
| 020 | _a0-06-045312-5 | ||
| 082 | _a004.16 RAF'M | ||
| 100 |
_aRAFIQUZZAMAN, MUHAMMAD _973804 |
||
| 245 | _aMICROPROCESSORS AND MICROCOMPUTERS DEVELOPMENT SYSTEMS:DESIGNING MICROPROCESSOR BASED SYSTEM | ||
| 260 |
_aNEWYORK _bHAPPER & ROW _c1984 |
||
| 300 | _a679P | ||
| 942 | _cBK | ||
| 999 |
_c579445 _d579445 |
||